[Event "103rd ch-SUI"]
[Site "Silvaplana SUI"]
[Date "2003.07.16"]
[Round "7"]
[White "Fierz,M"]
[Black "Korotylev,A"]
[Result "1/2-1/2"]
[WhiteElo "2238"]
[BlackElo "2546"]

1.e4 c5 2.Nf3 Nc6 3.d4 cxd4 4.Nxd4 Nf6 5.Nc3 d6 6.Bg5 Qb6 7.Nb3 e6 8.Bd3 Be7
9.O-O a6 10.Kh1 O-O 11.Be3 Qc7 12.f4 b5 13.a4 b4 14.Ne2 e5 15.Ng3 Ng4 16.Bg1 exf4
17.Rxf4 Nge5 18.Nf5 Bxf5 19.Rxf5 Bf6 20.Rxf6 gxf6 21.Nd4 Nxd4 22.Bxd4 a5
23.Qf1 Rfe8 24.Qxf6 Re6 25.Qf2 Qe7 26.Rf1 Rg6 27.h3 Nxd3 28.cxd3 Qe6 29.Qh4 Rf8
30.Rf6 Qc8 31.Qf4 Qa6 32.Qf3 Qc6 33.Qf5 Qc1+ 34.Kh2 Rg5 35.Qf3 Rg6 36.Qf5 Rg5
37.Qf3 Rg6 38.Qf5  1/2-1/2

[Event "13th S&WYM"]
[Site "Millfield School ENG"]
[Date "2003.07.17"]
[Round "9"]
[White "Bigg,A"]
[Black "Buckley,M"]
[Result "1/2-1/2"]
[WhiteElo "2287"]
[BlackElo "2130"]

1.e4 c5 2.Nf3 d6 3.d4 cxd4 4.Nxd4 Nf6 5.Nc3 Nc6 6.Bg5 e6 7.Qd2 Be7 8.O-O-O Nxd4
9.Qxd4 O-O 10.f4 Qa5 11.Bc4 Bd7 12.Rd3 Rad8 13.e5 dxe5 14.Qxe5 Qb4 15.Rg3 Kh8
16.Bd3 Bc6 17.Rh3 Rfe8 18.Qe2 h6 19.Rf1 Kg8 20.Bh4 Nd5 21.Nxd5 exd5 22.Bxe7 Rxe7
23.Qd2 Qxd2+ 24.Kxd2 d4 25.Rf2 Rde8  1/2-1/2

[Event "TCh-Europe u18 girls"]
[Site "Balatonlelle HUN"]
[Date "2003.07.19"]
[Round "1"]
[White "Kulovana,E"]
[Black "Ciobanu,C"]
[Result "1-0"]
[WhiteElo "2079"]
[BlackElo "2251"]

1.e4 c5 2.Nf3 Nc6 3.d4 cxd4 4.Nxd4 Nf6 5.Nc3 d6 6.Bg5 Bd7 7.Qd2 Nxd4 8.Qxd4 Qa5
9.Bd2 e5 10.Qd3 Qc7 11.f3 a6 12.O-O-O b5 13.a3 Rc8 14.g4 Be6 15.g5 Nd7 16.f4 Nb6
17.Bh3 Bxh3 18.Qxh3 Na4 19.g6 fxg6 20.fxe5 dxe5 21.Qe6+ Be7 22.Rhf1 Qc4 23.Qxe5 Rf8
24.Bg5 Qc5 25.Rxf8+ Kxf8 26.Qf4+ Kg8 27.Bxe7 Qxe7 28.Nxa4 bxa4 29.e5 Qc5
30.Qe4 Re8 31.Qd5+ Qxd5 32.Rxd5 Kf7 33.Ra5 g5 34.Rxa6 Rxe5 35.Rxa4 h5 36.Kd2 g4
37.Rf4+ Kg6 38.b4 Kg5 39.Rf7 g6 40.c4 h4 41.b5 g3 42.hxg3 hxg3 43.Rf1 Kg4
44.b6 g2 45.Rg1 Kf3 46.b7 Re2+ 47.Kc3 Re3+ 48.Kb4 Re8 49.c5 Kf2 50.Rxg2+ Kxg2
51.c6 Rb8 52.Kc5 g5 53.Kb6 g4 54.c7 Rxb7+ 55.Kxb7 g3 56.c8=Q Kf2 57.a4 g2
58.Qc2+ Kf1 59.Qxg2+ Kxg2 60.a5  1-0

[Event "BCSA Open"]
[Site "Batumi GEO"]
[Date "2003.07.19"]
[Round "3"]
[White "Jobava,Ba"]
[Black "Arutunian,D"]
[Result "1-0"]
[WhiteElo "2596"]
[BlackElo "2425"]

1.e4 c5 2.Nf3 Nc6 3.d4 cxd4 4.Nxd4 Nf6 5.Nc3 d6 6.Bg5 e6 7.Qd2 a6 8.O-O-O Bd7
9.f3 Be7 10.g4 b5 11.Be3 Nxd4 12.Bxd4 b4 13.Ne2 e5 14.Be3 Qa5 15.g5 Nh5 16.Kb1 Be6
17.b3 d5 18.exd5 Rd8 19.c4 bxc3 20.Nxc3 Bb4 21.Qc2 Bc8 22.Na4 Bd6 23.Bb6 Qb4
24.Bxd8 Kxd8 25.Qc4 Nf4 26.Qxb4 Bxb4 27.Bc4 h6 28.h4 a5 29.Kb2 Bh3 30.Bf1 Bd7
31.Bc4 Bh3 32.Rhg1 Bg2 33.d6 hxg5 34.a3 gxh4 35.axb4 axb4 36.Nc5 Bxf3 37.Rdf1 Bc6
38.Rxg7 h3 39.Rfg1 h2 40.Rg8+ Be8 41.d7 Nd3+ 42.Bxd3  1-0

[Event "BCSA Open"]
[Site "Batumi GEO"]
[Date "2003.07.19"]
[Round "3"]
[White "Jojua,D"]
[Black "Supatashvili,K"]
[Result "1/2-1/2"]
[WhiteElo "2243"]
[BlackElo "2491"]

1.e4 c5 2.Nf3 d6 3.d4 cxd4 4.Nxd4 Nf6 5.Nc3 Nc6 6.Bg5 e6 7.Qd2 a6 8.O-O-O Nxd4
9.Qxd4 Be7 10.f4 b5 11.Be2 Bb7 12.Bf3 O-O 13.Rhe1 Rc8 14.Kb1 Rc4 15.Qd3 Qc7
16.e5 dxe5 17.fxe5 Rd8 18.Qe2 Nd5 19.Bxe7 Qxe7 20.Nxd5 Bxd5 21.Bxd5 Rxd5
22.Rxd5 exd5 23.Qf3 Qe6 24.Rd1 Rc5 25.Qe3 Rc8 26.b3 Re8 27.Qc5 Qxe5 28.Qxd5 Qxh2
29.Qc6 Qe5 30.Qxa6 h5 31.a4 Qe2 32.Rd5 Qxg2 33.Qxb5 Rc8 34.Qd3 g6 35.Rd8+ Rxd8
36.Qxd8+ Kg7 37.a5 Qf2 38.Qb6 Qe1+ 39.Kb2 Qe5+ 40.Kb1 Qe1+ 41.Kb2 Qe5+ 42.Kb1 Qe1+  1/2-1/2

[Event "3rd Savaria Summer Open"]
[Site "Szombathely HUN"]
[Date "2003.07.19"]
[Round "1"]
[White "Solyomvari,R"]
[Black "Jovanovic,Zo2"]
[Result "0-1"]
[WhiteElo "2030"]
[BlackElo "2404"]

1.e4 c5 2.Nf3 d6 3.d4 cxd4 4.Nxd4 Nf6 5.Nc3 Nc6 6.Bg5 Bd7 7.Be2 Qa5 8.Bxf6 gxf6
9.Bf3 Rc8 10.Nb3 Qg5 11.h4 Qh6 12.Bg4 e6 13.g3 Rg8 14.Bh3 Ne5 15.Nd4 a6 16.Nb1 Be7
17.c3 Bd8 18.Nd2 Nd3+ 19.Ke2 Nxb2 20.Qb3 Na4 21.Qxb7 Nxc3+ 22.Ke1 Nb5 23.N4b3 Rxg3
24.fxg3 Qe3+ 25.Kf1 Bb6  0-1

[Event "TCh-Europe u18"]
[Site "Balatonlelle HUN"]
[Date "2003.07.20"]
[Round "2"]
[White "Kanovsky,D"]
[Black "Boros,De"]
[Result "0-1"]
[WhiteElo "2254"]
[BlackElo "2334"]

1.e4 c5 2.Nf3 d6 3.d4 cxd4 4.Nxd4 Nf6 5.Nc3 Nc6 6.Bg5 Bd7 7.Qd2 Rc8 8.O-O-O Nxd4
9.Qxd4 Qa5 10.Bd2 a6 11.Kb1 Qc5 12.Qxc5 Rxc5 13.f3 g6 14.Be3 Rc8 15.Bd4 Bg7
16.Nd5 Nh5 17.Bxg7 Nxg7 18.f4 Bc6 19.Be2 e6 20.Nc3 Ke7 21.Bf3 Ne8 22.Rhe1 b5
23.Re3 Bb7 24.a3 Rd8 25.Red3 Nc7 26.R1d2 e5 27.g3 Ne6 28.Nd5+ Bxd5 29.exd5 Nc5
30.Re3 f6 31.Be2 Rb8 32.c3 Kd7 33.Ka2 Rhe8 34.b4 Na4 35.fxe5 Rxe5 36.Rxe5 dxe5
37.Kb3 Nb6 38.a4 bxa4+ 39.Ka3 Rc8 40.Rc2 Nxd5 41.c4 Ne3 42.Rc3 Nf5 43.Bg4 e4
44.Kxa4 Kd6 45.c5+ Kd5 46.Ka5 Rc6 47.Be2 Kd4 48.Rc2 Ne3 49.Rd2+ Kc3 50.Rd6 Rc8
51.Rxf6 Nd5 52.Bxa6 Ra8 53.Re6 Nxb4 54.Kb5 Nxa6 55.Rxa6 Re8 56.c6 e3 57.c7 Rc8
58.Kc6 e2 59.Ra1 Kd2 60.Ra2+ Ke3 61.Ra1 Kf2 62.Kd7 Rxc7+ 63.Kxc7 e1=Q 64.Rxe1 Kxe1
65.Kd6 Kf2 66.Ke5 Kg2 67.Kf4 Kxh2  0-1

[Event "3rd Savaria Summer Open"]
[Site "Szombathely HUN"]
[Date "2003.07.20"]
[Round "2"]
[White "Erdelyi,Z"]
[Black "Krivoshey,S"]
[Result "1/2-1/2"]
[WhiteElo "2281"]
[BlackElo "2507"]

1.e4 c5 2.Nf3 Nc6 3.d4 cxd4 4.Nxd4 Nf6 5.Nc3 d6 6.Bg5 e6 7.Qd2 a6 8.O-O-O Bd7
9.f4 h6 10.Bh4 g5 11.fxg5 Ng4 12.Be2 Nge5 13.Nf3 Be7 14.Bg3 hxg5 15.Rdf1 b5
16.Kb1 Rb8 17.Nd1 a5 18.Ne3 Qb6 19.Nxe5 Nxe5 20.Bxe5 dxe5 21.Ng4 Qd4 22.Qxa5 Qxe4
23.Bf3 Qd4 24.Rd1 Qc5 25.Rd3 f5 26.Rc3 Qd4 27.Rd1 fxg4 28.Rxd4 exd4 29.Qa7 O-O
30.Qxd7 dxc3 31.Qxe7 gxf3 32.Qxg5+ Kf7 33.gxf3 cxb2 34.Kxb2 Rbd8 35.Qf4+ Ke7
36.Qc7+ Kf6 37.Qc5 Rg8 38.f4 Rd5 39.Qc3+ Kf7 40.Qe3 Rc8 41.a4 bxa4 42.Qa7+ Kf6
43.Qxa4 Rdc5 44.h4 Rxc2+ 45.Qxc2 Rxc2+ 46.Kxc2  1/2-1/2

[Event "Summer"]
[Site "Tel Aviv ISR"]
[Date "2003.07.20"]
[Round "1"]
[White "Haimovich,T"]
[Black "Reznik,Vi"]
[Result "1/2-1/2"]
[WhiteElo "2333"]
[BlackElo "2299"]

1.e4 c5 2.Nf3 d6 3.d4 cxd4 4.Nxd4 Nf6 5.Nc3 Nc6 6.Bg5 e6 7.Qd2 Be7 8.O-O-O O-O
9.f4 Nxd4 10.Qxd4 Qa5 11.Bc4 Bd7 12.e5 dxe5 13.fxe5 Bc6 14.Bd2 Nd7 15.Nd5 Qd8
16.Nxe7+ Qxe7 17.Rhe1 Nb6 18.Bd3 Rfd8 19.Qg4 Rxd3 20.cxd3 Ba4 21.Bh6 f5 22.exf6 Qxf6
23.Bd2 Rc8+  1/2-1/2

[Event "TCh-Europe u18"]
[Site "Balatonlelle HUN"]
[Date "2003.07.21"]
[Round "3"]
[White "Boros,De"]
[Black "Degtiarev,E"]
[Result "1-0"]
[WhiteElo "2334"]
[BlackElo "2258"]

1.e4 c5 2.Nf3 d6 3.d4 cxd4 4.Nxd4 Nf6 5.Nc3 Nc6 6.Bg5 e6 7.Qd2 Be7 8.O-O-O O-O
9.f4 Nxd4 10.Qxd4 Qa5 11.Bc4 Bd7 12.Rd3 Bc6 13.Rg3 e5 14.fxe5 Qxe5 15.Qxe5 dxe5
16.Rf1 Kh8 17.Nd5 Bxd5 18.Bxf6 Bxf6 19.Bxd5 Rab8 20.Rc3 b6 21.Rc7 a5 22.Kd1 Rbc8
23.Rb7 Rb8 24.Ra7 Rbe8 25.Ke2 Re7 26.Ra6 Rb8 27.Rf3 Rc7 28.Kd1 Rd7 29.Rb3 Bd8
30.Rxa5 f5 31.Rab5 fxe4 32.Ke2 Bc7 33.Bxe4 Rd4 34.R5b4 Bd6 35.Rxd4 exd4 36.Rh3 h6
37.Kd3 Be5 38.Rh5 Bf6 39.Rb5 Bd8 40.Kxd4 Bf6+ 41.Kc4 Rc8+ 42.Kb3 Bd4 43.Rd5 Bc5
44.Rd7 Kg8 45.Bd5+ Kh7 46.Ka4 Kg6 47.c4 Kf6 48.b4 Bg1 49.h3 Re8 50.Rf7+ Ke5
51.Rxg7 Kd4 52.Rg6 Re2 53.Rxb6 Kc3 54.c5 Rd2 55.Bb3 Rd4 56.Ka5 Rd8 57.Rxh6  1-0

[Event "BCSA Open"]
[Site "Batumi GEO"]
[Date "2003.07.21"]
[Round "5"]
[White "Khukhashvili,S"]
[Black "Supatashvili,K"]
[Result "1/2-1/2"]
[WhiteElo "2320"]
[BlackElo "2491"]

1.e4 c5 2.Nf3 Nc6 3.d4 cxd4 4.Nxd4 Nf6 5.Nc3 d6 6.Bg5 e6 7.Qd2 a6 8.O-O-O Qb6
9.Bxf6 gxf6 10.Nb3 Bd7 11.Kb1 O-O-O 12.f4 Kb8 13.g3 h5 14.Be2 Be7 15.Rhf1 h4
16.g4 Na5 17.Nxa5 Qxa5 18.Bc4 Qc5 19.Bb3 h3 20.Rf3 Rh4 21.Rg3 Rg8 22.Qe2 Bc6
23.Qf3 Bd8 24.Ne2 Bb6 25.Nd4 Bd7 26.a3 Qc8 27.Ne2 Bc5 28.Ng1 Bc6 29.Nxh3 Rgh8
30.Nf2 Bxf2 31.Qxf2 Bxe4 32.Rc3 Qd8 33.f5 d5 34.Qg3+ Ka8 35.Rd2 Qb8 36.Qc7 Qxc7
37.Rxc7 Rxg4 38.Rxf7 Bxf5 39.Rf2 Rd4 40.Ka2 Rd1 41.Rxf6 Rg8 42.c4 Bb1+ 43.Ka1 Re1
44.Rf8+ Rxf8 45.Rxf8+ Ka7 46.cxd5 exd5 47.Rd8 Kb6 48.Rxd5 Bc2+ 49.Ka2 Bb1+  1/2-1/2

[Event "ch-NED Open"]
[Site "Dieren NED"]
[Date "2003.07.22"]
[Round "1"]
[White "Van Geffen,B"]
[Black "Werle,J"]
[Result "0-1"]
[WhiteElo "2163"]
[BlackElo "2397"]

1.e4 c5 2.Nf3 d6 3.d4 cxd4 4.Nxd4 Nf6 5.Nc3 Nc6 6.Bg5 e6 7.Qd2 a6 8.O-O-O Bd7
9.f3 b5 10.Nxc6 Bxc6 11.Ne2 Rc8 12.Nd4 Bb7 13.Kb1 Be7 14.h4 h6 15.Be3 Nd7
16.g4 Ne5 17.Be2 d5 18.exd5 Qxd5 19.b3 Nc6 20.c4 bxc4 21.Bxc4 Qa5 22.Nxc6 Qxd2
23.Rxd2 Rxc6 24.h5 Bb4 25.Rd3 Rxc4 26.bxc4 Bxf3 27.Rb3 Bxh1 28.Rxb4 Kd7 29.Kb2 e5
30.Kc3 Bf3 31.c5 Kc7 32.Ra4 Ra8 33.Kd3 a5 34.Bd2 Kc6 35.Ke3 Bd1 36.Rxa5 Rxa5
37.Bxa5 Bxg4 38.Ke4 f6 39.Bd8 Kd7 40.Bb6 Bxh5 41.a4 Be2 42.a5 Bb5 43.Kd5 Bc6+
44.Kc4 h5 45.a6 h4  0-1

[Event "BCSA Open"]
[Site "Batumi GEO"]
[Date "2003.07.23"]
[Round "7"]
[White "Gelashvili,T"]
[Black "Arutunian,D"]
[Result "1-0"]
[WhiteElo "2520"]
[BlackElo "2425"]

1.e4 c5 2.Nf3 Nc6 3.d4 cxd4 4.Nxd4 Nf6 5.Nc3 d6 6.Bg5 e6 7.Qd2 a6 8.O-O-O Bd7
9.f4 Qc7 10.Nf3 O-O-O 11.Bd3 Be7 12.Rhe1 h6 13.Bh4 Kb8 14.e5 dxe5 15.fxe5 Nd5
16.Nxd5 exd5 17.Bxe7 Nxe7 18.Qf4 Be6 19.Nd4 Nc6 20.Nxc6+ Qxc6 21.Qd4 Rhe8
22.Re3 Qc7 23.Rg3 g6 24.Re3 Rc8 25.c3 Qa5 26.a3 Rc7 27.Be2 Rce7 28.g4 g5
29.Bd3 Qc7 30.Rde1 Rh8 31.Rh3 Bc8 32.Re2 Rhe8 33.Rhe3 Be6 34.Kd2 h5 35.h3 hxg4
36.hxg4 Rh8 37.Rf2 Rh4 38.Bf5 Re8 39.Ref3 Qc4 40.Qxc4 dxc4 41.Re3 Rd8+ 42.Kc2 Bd5
43.Rd2 Kc7 44.Rd4 Rh2+ 45.Kc1 Bc6 46.Rxd8 Kxd8 47.e6 fxe6 48.Bxe6 Rg2 49.Re5 Rg1+
50.Kd2 Rg2+ 51.Ke3 Rxb2 52.Bxc4 Rc2 53.Kd4 Rg2 54.Rxg5 Bd7 55.Bd5 Rxg4+ 56.Rxg4 Bxg4
57.Bxb7 a5 58.Kc5 Kc7 59.Bc6 Be2 60.Be8 Bd3 61.c4 Be2 62.Kb5 Bd3 63.Bf7 Bf5
64.Kxa5 Kc6 65.Kb4 Kb6 66.a4 Bc8 67.a5+ Kc6 68.Be8+ Kb7 69.Bb5 Kc7 70.Kc5 Bh3
71.a6 Bg2 72.Be8 Bh3 73.Bc6  1-0

[Event "3rd Savaria Summer Open"]
[Site "Szombathely HUN"]
[Date "2003.07.23"]
[Round "5"]
[White "Rigo,Z"]
[Black "Tancsa,R"]
[Result "1-0"]
[WhiteElo "2384"]
[BlackElo "2240"]

1.e4 c5 2.Nf3 d6 3.d4 cxd4 4.Nxd4 Nf6 5.Nc3 Nc6 6.Bg5 e6 7.Qd2 a6 8.O-O-O h6
9.Be3 Be7 10.f3 Nxd4 11.Bxd4 b5 12.h4 Qa5 13.Qf2 Rb8 14.Kb1 b4 15.Ne2 e5
16.Ba7 Rb7 17.Nc1 Be6 18.Be3 d5 19.Nb3 Qa4 20.Bc5 O-O 21.Bxe7 Rxe7 22.g4 d4
23.Bh3 Rc8 24.Rd2 Rc5 25.Rdd1 Rc3 26.g5 Nxe4 27.fxe4 Rxh3 28.Rxh3 Bxh3 29.gxh6 Qd7
30.hxg7 f5 31.exf5 Bxf5 32.Qd2 Rxg7 33.Qxb4 Rg2 34.Rc1 Qh7 35.Qb8+  1-0

[Event "TCh-Europe u18"]
[Site "Balatonlelle HUN"]
[Date "2003.07.24"]
[Round "5"]
[White "Bratovic,B"]
[Black "Zinchenko,Y"]
[Result "1-0"]
[WhiteElo "2320"]
[BlackElo "2322"]

1.e4 c5 2.Nf3 d6 3.d4 cxd4 4.Nxd4 Nf6 5.Nc3 Nc6 6.Bg5 e6 7.Qd2 a6 8.O-O-O h6
9.Be3 Nxd4 10.Bxd4 b5 11.Bd3 e5 12.Be3 Qa5 13.Kb1 b4 14.Nd5 Nxd5 15.exd5 f5
16.f4 e4 17.Be2 g6 18.Qd4 Rg8 19.Bd2 Rb8 20.Qa7 Qb6 21.Qh7 Rg7 22.Qxh6 Bb7
23.c4 Qf2 24.Rde1 Qd4 25.Bc1 b3 26.a3 a5 27.Qh3 Ba6 28.Be3 Qf6 29.Rd1 Rc7
30.Bd4 Qf7 31.Rc1 Bg7 32.Qe3 Bxd4 33.Qxd4 Qg7 34.Qe3 Rc5 35.g4 Kf7 36.gxf5 gxf5
37.Qh3 Ke7 38.Qxf5 Qf7 39.Qxe4+ Kd7 40.Bg4+ Kc7 41.Be6 Qe7 42.h4 Kb7 43.h5 Qc7
44.h6 Bxc4 45.h7 Rh8 46.Bg8 Ka6 47.Rc3 a4 48.Rhc1 Kb5 49.f5  1-0

[Event "BCSA Open"]
[Site "Batumi GEO"]
[Date "2003.07.24"]
[Round "8"]
[White "Melia,S"]
[Black "Matnadze,A"]
[Result "1-0"]
[WhiteElo "2237"]
[BlackElo "2386"]

1.e4 c5 2.Nf3 d6 3.d4 cxd4 4.Nxd4 Nf6 5.Nc3 Nc6 6.Bg5 Bd7 7.Qd2 Rc8 8.O-O-O Nxd4
9.Qxd4 Qa5 10.Bd2 e5 11.Qd3 a6 12.Kb1 Be6 13.Nd5 Qd8 14.Bg5 Bxd5 15.exd5 Be7
16.Bxf6 Bxf6 17.Qe4 O-O 18.h4 g6 19.h5 Bg7 20.hxg6 fxg6 21.Qe3 Qf6 22.Rd2 h5
23.g3 b5 24.c3 e4 25.Rh4 Qf3 26.Rxe4 Qxe3 27.Rxe3 h4 28.Bh3 Rc4 29.Rde2 Be5
30.gxh4 Rxh4 31.Be6+ Kg7 32.Rh3 Rhf4 33.Rh2 a5 34.Rg2 b4 35.cxb4 axb4 36.Rg4 Rxf2
37.Rxf2 Rxf2 38.Rxb4 Rf1+ 39.Kc2 Rf2+ 40.Kd3 Rxb2 41.Rxb2 Bxb2 42.a4 Kf6
43.a5 Ke5 44.a6 Bd4 45.Kc4 g5 46.Bh3 Bc5 47.Bg2 Kf4 48.Kb5 Kg3 49.Be4 Kf4
50.Bh1  1-0

[Event "18th Touraine Open"]
[Site "Avoine FRA"]
[Date "2003.07.25"]
[Round "7"]
[White "Farou,F"]
[Black "Masera,M"]
[Result "1/2-1/2"]
[WhiteElo "2030"]
[BlackElo "2093"]

1.e4 c5 2.Nf3 Nc6 3.d4 cxd4 4.Nxd4 Nf6 5.Nc3 d6 6.Bg5 e6 7.Be2 Be7 8.Qd2 a6
9.O-O-O Bd7 10.f4 h6 11.Bh4 Nxd4 12.Qxd4 Bc6 13.Bf3 Qc7 14.e5 dxe5 15.fxe5 Rd8
16.Qc4 Nd5 17.Bxe7  1/2-1/2

[Event "TCh-Europe u18 girls"]
[Site "Balatonlelle HUN"]
[Date "2003.07.25"]
[Round "6"]
[White "Kadziolka,B"]
[Black "Ciobanu,C"]
[Result "1-0"]
[WhiteElo "2255"]
[BlackElo "2251"]

1.e4 c5 2.Nf3 d6 3.d4 cxd4 4.Nxd4 Nf6 5.Nc3 Nc6 6.Bg5 a6 7.Qd2 e6 8.O-O-O Qc7
9.Bxf6 gxf6 10.f4 h5 11.g3 Bd7 12.Kb1 b5 13.f5 Ne5 14.fxe6 fxe6 15.Bh3 Kf7
16.Bxe6+ Bxe6 17.Nxe6 Qc4 18.Nxf8 Rhxf8 19.Qd5+ Qxd5 20.Nxd5 h4 21.gxh4 Rh8
22.Rhf1 Rxh4 23.Rxf6+ Kg7 24.Rg1+ Kh8 25.Rxd6 Rxh2 26.b3 Nf3 27.Rgg6 Nd2+
28.Kb2 Nxe4 29.Rh6+ Rxh6 30.Rxh6+ Kg7 31.Rb6 Nc5 32.Nc7 Ra7 33.Rc6 Nd7 34.Nxa6 Ne5
35.Rc5 Rxa6 36.Rxe5 Rb6 37.Rf5 Kg6 38.Rf2 Rb8 39.Kc3 b4+ 40.Kc4 Rb7 41.c3 bxc3
42.Kxc3 Rh7 43.b4 Rh3+ 44.Kc4 Rh4+ 45.Kb5 Rh5+ 46.Ka6  1-0

[Event "BCSA Open"]
[Site "Batumi GEO"]
[Date "2003.07.25"]
[Round "9"]
[White "Tsereteli,T"]
[Black "Shengelia,D"]
[Result "0-1"]
[WhiteElo "2288"]
[BlackElo "2486"]

1.e4 c5 2.Nf3 d6 3.d4 cxd4 4.Nxd4 Nf6 5.Nc3 Nc6 6.Bg5 e6 7.Qd2 Be7 8.O-O-O Nxd4
9.Qxd4 a6 10.Kb1 b5 11.f3 Bb7 12.h4 Rc8 13.g4 Qc7 14.Rd2 h6 15.Be3 Nd7 16.Bxb5 axb5
17.Nxb5 Qb8 18.Qxg7 Rf8 19.Qd4 Ne5 20.Nxd6+ Bxd6 21.Qxd6 Qxd6 22.Rxd6 Nxf3
23.Bxh6 Rg8 24.g5 Bxe4 25.Rc1 Nxh4 26.Rd4 Nf3 27.Rb4 Bf5 28.a4 Nxg5 29.a5 Rg6
30.Bxg5 Rxg5 31.a6 Rg4 32.Rb7 Be4 33.Rb6 Kd7 34.b4 Kc7  0-1

[Event "16th Open"]
[Site "Kiel GER"]
[Date "2003.07.25"]
[Round "1"]
[White "Rathje,C"]
[Black "Lanka,Z"]
[Result "1/2-1/2"]
[WhiteElo "2055"]
[BlackElo "2474"]

1.e4 c5 2.Nf3 Nc6 3.d4 cxd4 4.Nxd4 Nf6 5.Nc3 d6 6.Bg5 e6 7.Qd2 a6 8.O-O-O h6
9.Bxf6 Qxf6 10.Bc4 Bd7 11.Bb3 Qd8 12.Kb1 Be7 13.f4 Na5 14.f5 Nxb3 15.axb3 b5
16.fxe6 fxe6 17.Rhf1 Qc7 18.Qe2 h5 19.Qf3 O-O-O 20.Qf7 Bf6 21.Nxe6 Bxe6 22.Qxe6+ Qd7
23.Rxd6 Qxe6 24.Rxe6 Rhe8 25.Rxe8 Rxe8 26.Nd5 Rxe4 27.Nxf6 gxf6 28.Rxf6 Re1+
29.Ka2 Re2 30.Rh6 Rxc2 31.Rxh5 Rxg2 32.b4 Kb7 33.Rh6 Rf2 34.h4 Rf4 35.Rh7+ Kb6
36.Ka3 Rf3+ 37.b3 Rf2 38.h5 Rh2 39.Rh8 Kb7  1/2-1/2

[Event "26th Asian Juniors"]
[Site "Negombo SRI"]
[Date "2003.07.25"]
[Round "10"]
[White "Rohit,G"]
[Black "Palawatta,I"]
[Result "1-0"]
[WhiteElo "2397"]
[BlackElo "1911"]

1.e4 c5 2.Nf3 d6 3.d4 cxd4 4.Nxd4 Nf6 5.Nc3 Nc6 6.Bg5 Bd7 7.Be2 Qa5 8.Bxf6 gxf6
9.O-O Rg8 10.Kh1 Qg5 11.g3 Nxd4 12.Qxd4 Qe5 13.Qd3 O-O-O 14.b4 f5 15.f4 Qe6
16.Bf3 Bg7 17.Rae1 Bc6 18.b5 Bxe4 19.Nxe4 fxe4 20.Rxe4 Qd7 21.Ra4 Kb8 22.Qe3 b6
23.Bc6 Qc7 24.Ra6 d5 25.a4 Rd6 26.a5 Rxc6 27.bxc6 Qxc6 28.axb6 d4+ 29.Qf3 Qxf3+
30.Rxf3 axb6 31.Rb3 Bf6 32.Raxb6+ Kc7 33.Rb7+ Kc6 34.Rb8 Rxb8 35.Rxb8 Bg7
36.Rg8 Bf6 37.Rf8 Kd5 38.Kg2 Ke6 39.Kf3 h5 40.Ke4 Bg7 41.Rg8 f5+ 42.Kd3 Bf6
43.Rg6 Kf7 44.Rxf6+ Kxf6 45.Kxd4 Ke6 46.Kc5 Kd7 47.Kd5 e6+ 48.Ke5  1-0

[Event "3rd Savaria Summer Open"]
[Site "Szombathely HUN"]
[Date "2003.07.25"]
[Round "7"]
[White "Sikula,V"]
[Black "Sebe Vodislav,F"]
[Result "1/2-1/2"]
[WhiteElo "2419"]
[BlackElo "2300"]

1.e4 c5 2.Nf3 d6 3.d4 cxd4 4.Nxd4 Nf6 5.Nc3 Nc6 6.Bg5 e6 7.Qd2 a6 8.O-O-O Bd7
9.f4 h6 10.Bxf6 Qxf6 11.Nf3 Rd8 12.Na4 g5 13.g3 gxf4 14.gxf4 Ne5 15.Nxe5 Bxa4
16.Ng4 Qg7 17.Nf2 h5 18.Bc4 Qf6 19.Qe3 Bg7 20.Nd3  1/2-1/2

[Event "ch-NED Open"]
[Site "Dieren NED"]
[Date "2003.07.26"]
[Round "5"]
[White "Michielsen,J"]
[Black "Hoeksema,E"]
[Result "0-1"]
[WhiteElo "2190"]
[BlackElo "2363"]

1.e4 c5 2.Nf3 Nc6 3.d4 cxd4 4.Nxd4 Nf6 5.Nc3 d6 6.Bg5 Qb6 7.Nb3 e6 8.Qd2 Be7
9.O-O-O O-O 10.f3 a6 11.h4 Rd8 12.Qe1 Qc7 13.Kb1 b5 14.Bd3 Rb8 15.g4 Ne5
16.Qg3 b4 17.Ne2 a5 18.f4 Nxd3 19.cxd3 Ba6 20.Rd2 Rbc8 21.f5 a4 22.Nbd4 e5
23.Bxf6 gxf6 24.g5 Kh8 25.g6 exd4 26.Rg1 fxg6 27.fxg6 d5 28.Qg4 Bf8 29.gxh7 Bh6
30.Qe6 Qe5  0-1

[Event "4th It"]
[Site "Montreal CAN"]
[Date "2003.07.26"]
[Round "4"]
[White "Nataf,IA"]
[Black "Lugovoi,A"]
[Result "1/2-1/2"]
[WhiteElo "2549"]
[BlackElo "2566"]

1.e4 c5 2.Nf3 d6 3.d4 cxd4 4.Nxd4 Nf6 5.Nc3 Nc6 6.Bg5 e6 7.Qd2 Be7 8.O-O-O O-O
9.f4 Nxd4 10.Qxd4 Qa5 11.Kb1 h6 12.h4 e5 13.Qf2 exf4 14.Nd5 Qd8 15.Nxf6+ Bxf6
16.Bxf4 Qa5 17.Bc4 Be6 18.Bb3 Be5 19.Rhf1 Rac8 20.Bxe5 Qxe5 21.Qd4 Bxb3  1/2-1/2

[Event "3rd Savaria Summer Open"]
[Site "Szombathely HUN"]
[Date "2003.07.27"]
[Round "9"]
[White "Solyomvari,R"]
[Black "Remete,E"]
[Result "1/2-1/2"]
[WhiteElo "2030"]
[BlackElo "2147"]

1.e4 c5 2.Nf3 d6 3.d4 cxd4 4.Nxd4 Nf6 5.Nc3 Nc6 6.Bg5 e6 7.Be2 Be7 8.O-O O-O
9.Kh1 Qb6 10.Nb3 Rd8 11.Qe1 d5 12.exd5 Nxd5 13.Nxd5 Rxd5 14.Bxe7 Nxe7 15.Bf3 Rd8
16.Rd1 Bd7 17.Qa5 Bc6 18.Qxb6 axb6 19.Nd4 Kf8 20.Bxc6 bxc6 21.a3 c5 22.Nb5 Nc6
23.Rd6 Rxd6 24.Nxd6 Ke7 25.Ne4 Rd8 26.h3 f5 27.Ng5 Rd2 28.Re1 Nd8 29.Rc1 Rxf2
30.Kg1 Rd2 31.Nf3 Rd6 32.Ne5 Rd5 33.Nc4 b5 34.Nb6 Rd2 35.a4 bxa4 36.Nxa4 Kd6
37.b3 e5 38.Nb6 Ke6 39.Nc4 Rd4 40.Ra1 e4 41.Ra6+ Ke7 42.Ne3 g6 43.Ra7+ Rd7
44.Nd5+ Kd6 45.Rxd7+ Kxd7 46.Nf6+ Ke6 47.Nxh7 Kd5 48.c3 e3 49.Kf1 f4 50.Ke2 Ne6
51.Nf6+ Ke5 52.Nd7+ Kd6 53.Nb6 g5 54.Nc4+ Kd5 55.Nb6+ Ke4 56.Nd7 Kf5 57.Kf3 Kg6
58.Ne5+ Kf6 59.Nd3 Ke7 60.b4 cxb4 61.Nxb4 Kd6 62.Nc2 Kd5 63.Nxe3+ fxe3 64.Kxe3 Ke5
65.Kf3 Kf5 66.g4+ Ke5 67.Kg3  1/2-1/2

[Event "ch-NED Open"]
[Site "Dieren NED"]
[Date "2003.07.28"]
[Round "6"]
[White "Michielsen,J"]
[Black "Van der Poel,H"]
[Result "1-0"]
[WhiteElo "2190"]
[BlackElo "2295"]

1.e4 c5 2.Nf3 d6 3.d4 cxd4 4.Nxd4 Nf6 5.Nc3 Nc6 6.Bg5 a6 7.Qd2 e6 8.O-O-O Bd7
9.f4 Be7 10.Nf3 b5 11.Bxf6 gxf6 12.Kb1 Qb6 13.f5 O-O-O 14.fxe6 fxe6 15.g3 Kb8
16.Bh3 Bc8 17.Qg2 Bf8 18.Ne2 Bg7 19.Nf4 Rhe8 20.Qd2 Bh8 21.c3 Na5 22.Nd4 d5
23.Nfxe6 Bxe6 24.Bxe6 Rxe6 25.Nxe6 Qxe6 26.exd5 Qe4+ 27.Qd3 Qxd3+ 28.Rxd3 Nc4
29.Rhd1 Rd6 30.b3 Ne5 31.Rd4 Bg7 32.c4 bxc4 33.bxc4 Rb6+ 34.Kc2 Bf8 35.Rb1 Rxb1
36.Kxb1 Kc7 37.Kc2 Kd6 38.Rf4 Be7 39.Kc3 h6 40.Kd4 Nd7 41.Re4 Ne5 42.c5+ Kd7
43.Re3 Bd8 44.Ra3 a5 45.Rb3 Bc7 46.d6 Bd8 47.Kd5  1-0

[Event "4th It"]
[Site "Montreal CAN"]
[Date "2003.07.28"]
[Round "6"]
[White "Bluvshtein,M"]
[Black "Lugovoi,A"]
[Result "1-0"]
[WhiteElo "2447"]
[BlackElo "2566"]

1.e4 c5 2.Nf3 d6 3.d4 cxd4 4.Nxd4 Nf6 5.Nc3 Nc6 6.Bg5 e6 7.Qd2 Be7 8.O-O-O O-O
9.Nb3 a5 10.a3 a4 11.Nd4 h6 12.Bxf6 Bxf6 13.Ndb5 Qb6 14.f4 Rd8 15.Kb1 Ra5
16.h4 d5 17.exd5 exd5 18.Nxd5 Rxd5 19.Qxd5 Be6 20.Qd3 Na7 21.Qd6 Rxb5 22.Bxb5 Qxb5
23.Qb4 Qa6 24.Qc5 Nc6 25.f5 Be7 26.Qf2 Bc4 27.Rhe1 Qb5 28.Rxe7 Nxe7 29.g4 h5
30.Re1 Nd5 31.g5 Qc6 32.Qg3 Kh7 33.b3 axb3 34.cxb3 Ba6 35.g6+ fxg6 36.Re6 Nc3+
37.Ka1 Qh1+ 38.Re1 Qc6 39.fxg6+ Qxg6 40.Qxc3 Bd3 41.Qd4 Bf5 42.a4 Qg4 43.Qf2 Bg6
44.Kb2 Qd7 45.Re2 Qd3 46.Re7 Be4 47.Qc5 Qb1+ 48.Ka3 Bf3 49.Qc3 Qg6 50.Qd4 Bc6
51.Re3 Qg4 52.Qxg4 hxg4 53.Re5 g3 54.Rh5+ Kg8 55.Rg5 g2 56.Kb4 Kh7 57.Kc5 g6
58.a5 Be4 59.b4 Kh6 60.b5 Bf3 61.Kd4 Be2 62.b6 Bf1 63.Ke3 Kg7 64.Kf2 Kf6
65.Rxg2  1-0

[Event "MTO"]
[Site "Biel SUI"]
[Date "2003.07.30"]
[Round "9"]
[White "Arizmendi Martinez,J"]
[Black "Paulsen,D"]
[Result "1-0"]
[WhiteElo "2521"]
[BlackElo "2385"]

1.e4 c5 2.Nf3 d6 3.d4 cxd4 4.Nxd4 Nf6 5.Nc3 Nc6 6.Bg5 e6 7.Qd2 Be7 8.O-O-O O-O
9.Ndb5 Qa5 10.Bxf6 Bxf6 11.Nxd6 Rd8 12.f4 e5 13.Qd5 Qxd5 14.exd5 Rxd6 15.Ne4 Rd8
16.Nxf6+ gxf6 17.dxc6 Rxd1+ 18.Kxd1 bxc6 19.Bc4 Rb8 20.Kd2 e4 21.b3 Be6 22.Be2 f5
23.Ke3 a5 24.Rd1 a4 25.Rd6 axb3 26.axb3 Rc8 27.Ba6 Rc7 28.b4 Kf8 29.c4 Ke7
30.c5 f6 31.h3 h5 32.h4 Bd7 33.Be2 Rc8 34.g3 Rb8 35.Rd4 Ra8 36.Bxh5 Ra3+
37.Kf2 Be6 38.Ke1 Bd5 39.b5 Bb3 40.bxc6 Ra1+ 41.Bd1 Rc1 42.Ke2 Bxd1+ 43.Rxd1 Rxc5
44.Rd7+ Ke6 45.Rc7 Rc3 46.h5 Kd6 47.Rc8 Rc2+ 48.Ke3 Rh2 49.Rh8  1-0

[Event "MTO"]
[Site "Biel SUI"]
[Date "2003.07.31"]
[Round "10"]
[White "Pikula,D"]
[Black "Raetsky,A"]
[Result "1-0"]
[WhiteElo "2489"]
[BlackElo "2438"]

1.e4 c5 2.Nf3 d6 3.d4 cxd4 4.Nxd4 Nf6 5.Nc3 Nc6 6.Bg5 e6 7.Qd2 a6 8.O-O-O h6
9.Be3 Be7 10.f3 Nxd4 11.Bxd4 b5 12.Kb1 Rb8 13.Ba7 Rb7 14.Be3 Nd7 15.Ne2 Ne5
16.Nd4 Qc7 17.g4 Nc4 18.Bxc4 Qxc4 19.h4 h5 20.gxh5 Rxh5 21.Bg5 Bf8 22.Ne2 b4
23.Ng3 Rh8 24.h5 Qc3 25.Qf2 Qc6 26.e5 Rd7 27.h6 dxe5 28.Nh5 Rxh6 29.Bxh6 gxh6
30.Nf6+ Kd8 31.Rxd7+ Bxd7 32.Rd1 Bd6 33.b3 Kc8 34.Qa7  1-0